000 00741nam a2200265Ia 4500
003 OSt
005 20220912150902.0
006 a|||||r|||| 00| 0
007 ta
008 220909b |||||||| |||| 00| 0 eng d
024 _a27697
037 _cTextual
040 _aCSL
_beng
_cCSL
041 _aeng
082 _aB2817, L71
100 _aCassel Cleus-magnus
245 0 _aFoundations of inference in survey sampling
260 _aNew York
_b John Wiley
_c1977
300 _axi,192p.
_ccm.
650 _ainference
700 _a Sarndal Carl-Erik
700 _a Wretman Jan hakan
942 _hB2817, L71
_cTEXL
_2CC
999 _c56875
_d56875